Eastern Utah Libraries Catalog: Duchesne, Heber, Roosevelt, & Vernal

The raven (Record no. 86637)

MARC details
000 -LEADER
fixed length control field 03319cgm a2200625Ia 4500
001 - CONTROL NUMBER
control field ocn808500432
003 - CONTROL NUMBER IDENTIFIER
control field OCoLC
005 - DATE AND TIME OF LATEST TRANSACTION
control field 20241220132944.0
008 - FIXED-LENGTH DATA ELEMENTS--GENERAL INFORMATION
fixed length control field 120828p20122011cau110 e vleng d
007 - PHYSICAL DESCRIPTION FIXED FIELD--GENERAL INFORMATION
fixed length control field vd cvaizq
040 ## - CATALOGING SOURCE
Original cataloging agency TEFMT
Transcribing agency TEFMT
Modifying agency TEF
-- IH7
-- GK8
-- BKX
-- IK2
-- OCLCO
-- UINTA
024 10 - OTHER STANDARD IDENTIFIER
Standard number or code 024543776420
Additional codes following the standard number or code 80
028 42 - PUBLISHER NUMBER
Publisher number 2277642
Source 20th Century Fox Home Entertainment
035 ## - SYSTEM CONTROL NUMBER
System control number (OCoLC)808500432
037 ## - SOURCE OF ACQUISITION
Source of stock number/acquisition Midwest Tape
Note http://www.midwesttapes.com
041 1# - LANGUAGE CODE
Language code of text/sound track or separate title eng
-- eng
-- spa
Language code of original and/or intermediate translations of text eng
050 #4 - LIBRARY OF CONGRESS CALL NUMBER
Classification number PN1997.2
Item number .R38 2012
082 04 - DEWEY DECIMAL CLASSIFICATION NUMBER
Classification number 791.43/72
Edition number 23
049 ## - LOCAL HOLDINGS (OCLC)
Holding library UCLB
092 ## - LOCALLY ASSIGNED DEWEY CALL NUMBER (OCLC)
Classification number 791.437
245 04 - TITLE STATEMENT
Title The raven
Medium [videorecording] /
Statement of responsibility, etc Relativity Media and Intrepid Pictures presents in association with Galavis Film and Intrepid Pictures, Filmnation production ; produced by Marc D. Evans, Trevor Macy and Aaron Ryder ; written by Hannah Shakespeare & Ben Livingston ; directed by James McTeigue.
257 ## - COUNTRY OF PRODUCING ENTITY FOR ARCHIVAL FILMS
Country of producing entity United States.
-- naf
260 ## - PUBLICATION, DISTRIBUTION, ETC. (IMPRINT)
Place of publication, distribution, etc Beverly Hills, Calif. :
Name of publisher, distributor, etc 20th Century Fox Home Entertainment,
Date of publication, distribution, etc 2012.
300 ## - PHYSICAL DESCRIPTION
Extent 1 videodisc (110 min.) :
Other physical details sd., col. ;
Dimensions 4 3/4 in.
538 ## - SYSTEM DETAILS NOTE
System details note DVD, NTSC, region 1, widescreen (2.40:1) presentation; Dolby Digital 5.1.
546 ## - LANGUAGE NOTE
Language note English dialogue; English or Spanish subtitles; closed-captioned.
511 1# - PARTICIPANT OR PERFORMER NOTE
Participant or performer note John Cusack, Luke Evans, Oliver Jackson-Cohen, Alice Eve.
508 ## - CREATION/PRODUCTION CREDITS NOTE
Creation/production credits note Director of photography, Danny Ruhlmann ; editor, Niven Howie ; music by Lucas Vidal.
500 ## - GENERAL NOTE
General note Originally produced as a motion picture in 2011.
521 8# - TARGET AUDIENCE NOTE
Target audience note MPAA rating: R; for bloody violence and grisly images.
520 ## - SUMMARY, ETC.
Summary, etc Baltimore 1849. While investigating a horrific double murder, police detective Emmett Fields makes a startling discovery: the killer's methods mirror the twisted writings of Edgar Allan Poe. Suspecting Poe at first, Fields ultimately enlists his help to stop future attacks. But in this deadly game of cat and mouse, the stakes are raised with each gruesome slaying as the pair races to catch a madman before he brings every one of Poe's shocking stories to chilling life, and death.
500 ## - GENERAL NOTE
General note Special features: deleted & extended scenes; audio commentary by director James McTeigue, producers Marc D. Evans, Trevor Macy and Aaron Ryder; theatrical trailer; sneak peek.
650 #0 - SUBJECT ADDED ENTRY--TOPICAL TERM
Topical term or geographic name as entry element Homicide investigation
Form subdivision Drama.
9 (RLIN) 5744508
600 10 - SUBJECT ADDED ENTRY--PERSONAL NAME
Personal name Poe, Edgar Allan,
Dates associated with a name 1809-1849
Form subdivision Drama.
9 (RLIN) 6240702
655 #7 - INDEX TERM--GENRE/FORM
Genre/form data or focus term Feature films.
Source of term lcgft
9 (RLIN) 6240703
655 #7 - INDEX TERM--GENRE/FORM
Genre/form data or focus term Horror films.
Source of term lcgft
9 (RLIN) 6240704
655 #7 - INDEX TERM--GENRE/FORM
Genre/form data or focus term Fiction films.
Source of term lcgft
9 (RLIN) 6240705
655 #7 - INDEX TERM--GENRE/FORM
Genre/form data or focus term Video recordings for the hearing impaired.
Source of term lcgft
9 (RLIN) 6240706
700 1# - ADDED ENTRY--PERSONAL NAME
Personal name Cusack, John,
Dates associated with a name 1966-
Relator code act
9 (RLIN) 43552
700 1# - ADDED ENTRY--PERSONAL NAME
Personal name Evans, Luke,
Dates associated with a name 1979-
Relator code act
9 (RLIN) 5813418
700 1# - ADDED ENTRY--PERSONAL NAME
Personal name Jackson-Cohen, Oliver,
Dates associated with a name 1986-
Relator code act
9 (RLIN) 6219361
700 1# - ADDED ENTRY--PERSONAL NAME
Personal name Eve, Alice,
Dates associated with a name 1982-
Relator code act
9 (RLIN) 5715301
700 1# - ADDED ENTRY--PERSONAL NAME
Personal name Evans, Marc D.
Relator code pro
9 (RLIN) 6240707
700 1# - ADDED ENTRY--PERSONAL NAME
Personal name Macy, Trevor.
Relator code pro
9 (RLIN) 6240708
700 1# - ADDED ENTRY--PERSONAL NAME
Personal name Ryder, Aaron.
Relator code pro
9 (RLIN) 73704
700 1# - ADDED ENTRY--PERSONAL NAME
Personal name McTeigue, James.
Relator code drt
9 (RLIN) 73168
710 2# - ADDED ENTRY--CORPORATE NAME
Corporate name or jurisdiction name as entry element Twentieth Century Fox Home Entertainment, Inc.
9 (RLIN) 61951
710 2# - ADDED ENTRY--CORPORATE NAME
Corporate name or jurisdiction name as entry element Relativity Media.
9 (RLIN) 73590
710 2# - ADDED ENTRY--CORPORATE NAME
Corporate name or jurisdiction name as entry element Intrepid Pictures.
9 (RLIN) 73912
710 2# - ADDED ENTRY--CORPORATE NAME
Corporate name or jurisdiction name as entry element Galavis Film (Firm)
9 (RLIN) 6240709
710 2# - ADDED ENTRY--CORPORATE NAME
Corporate name or jurisdiction name as entry element FilmNation Entertainment (Firm)
9 (RLIN) 5692611
942 ## - ADDED ENTRY ELEMENTS (KOHA)
Koha item type DVD
994 ## -
-- C0
-- UINTA
998 ## - LOCAL CONTROL INFORMATION (RLIN)
-- a154403
Holdings
Withdrawn status Lost status Source of classification or shelving scheme Damaged status Not for loan Collection code Home library Current library Shelving location Date acquired Source of acquisition Total Checkouts Total Renewals Full call number Barcode Date last seen Date checked out Cost, replacement price Price effective from Koha item type
    Dewey Decimal Classification     Movies Wasatch County Library Wasatch County Library Audio Visual Area 07/18/2023 Donation 3 4 DVD Raven 34301002003046 08/15/2025 08/09/2025 5.00 07/18/2023 DVD
This project was made possible through a grant from the Institute of Museum and Library Service administered by the Utah State Library Division.

Wasatch County Library

  • 465 East 1200 South, Heber City, Utah 84032
  • Phone 435-654-1511 | Fax 435-654-6456

Hours

  • Monday - Friday 9:30 AM - 8:00 PM
  • Saturday 9:30 AM - 1:30 PM
  • Closed Sundays and Holidays